|
|
|
|
| LEADER |
01664nam a2200433Ia 4500 |
| 001 |
EBC958542 |
| 003 |
MiAaPQ |
| 005 |
20200520144314.0 |
| 006 |
m o d | |
| 007 |
cr cn||||||||| |
| 008 |
101202s2011 enka sb 001 0 eng d |
| 010 |
|
|
|z 2010050313
|
| 020 |
|
|
|z 0203814312
|
| 020 |
|
|
|z 0415297230
|
| 020 |
|
|
|z 9780203814314
|
| 020 |
|
|
|z 9780415297233
|
| 020 |
|
|
|z 9781136706318
|
| 035 |
|
|
|a (MiAaPQ)EBC958542
|
| 035 |
|
|
|a (Au-PeEL)EBL958542
|
| 035 |
|
|
|a (CaPaEBR)ebr10545461
|
| 035 |
|
|
|a (CaONFJC)MIL760796
|
| 035 |
|
|
|a (OCoLC)818814458
|
| 040 |
|
|
|a MiAaPQ
|c MiAaPQ
|d MiAaPQ
|
| 050 |
|
4 |
|a HD6054.4.K6
|b R46 2011
|
| 082 |
0 |
4 |
|a 331.4/8165840095195
|2 22
|
| 100 |
1 |
|
|a Renshaw, Jean R.
|
| 245 |
1 |
0 |
|a Korean women managers and corporate culture
|h [electronic resource] :
|b challenging tradition, choosing empowerment, creating change /
|c Jean R. Renshaw.
|
| 260 |
|
|
|a Abingdon, Oxon ;
|a New York :
|b Routledge,
|c 2011.
|
| 300 |
|
|
|a 135 p. :
|b ill.
|
| 490 |
1 |
|
|a Routledge studies in the growth economies of Asia ;
|v 104
|
| 504 |
|
|
|a Includes bibliographical references and index.
|
| 533 |
|
|
|a Electronic reproduction. Ann Arbor, MI : ProQuest, 2015. Available via World Wide Web. Access may be limited to ProQuest affiliated libraries.
|
| 650 |
|
0 |
|a Women executives
|z Korea (South)
|
| 650 |
|
0 |
|a Businesswomen
|z Korea (South)
|
| 650 |
|
0 |
|a Women
|z Korea (South)
|x Social conditions.
|
| 655 |
|
4 |
|a Electronic books.
|
| 710 |
2 |
|
|a ProQuest (Firm)
|
| 830 |
|
0 |
|a Routledge studies in the growth economies of Asia (2005) ;
|v 104.
|
| 856 |
4 |
0 |
|u https://ebookcentral.proquest.com/lib/matrademy/detail.action?docID=958542
|z Click to View
|